Breve guía histórica de la ciudad de Pátzcuaro /

Reseña histórica breve de Pátzcuaro, así como de los principales lugares notables y de sus personajes. Comienza desde antes de la conquista y termina a principios del siglo XX, cuando fue publicado el libro por primera vez.

Guardado en:
書目詳細資料
主要作者: Bonavit, Julián (autor)
其他作者: Treviño, Carlos (autor) (autor)
格式: 圖書
語言:西班牙语
主題:
標簽: 添加標簽
沒有標簽, 成為第一個標記此記錄!

MARC

LEADER 00000nam^a2200000^a^4500
001 000130883
005 20250521000000.0
009 20260310095002.307
037 |a Acervo ITESO - Biblioteca 
041 |a ESP 
082 |a 972. 374  |b BON 
100 |a Bonavit, Julián  |e (autor) 
245 1 0 |a Breve guía histórica de la ciudad de Pátzcuaro /  |c J. Bonavit, C. Treviño. 
264 |a Morelia, México :  |b Editorial Intermichoacana Antonio Arriaga Ochoa,  |c 1977 
300 |a 54 p. 
336 |a texto  |b txt  |2 rdacontenido 
337 |a sin mediación  |b n  |2 rdamedio 
338 |a volumen  |b nc  |2 rdasoporte 
520 |a Reseña histórica breve de Pátzcuaro, así como de los principales lugares notables y de sus personajes. Comienza desde antes de la conquista y termina a principios del siglo XX, cuando fue publicado el libro por primera vez. 
534 |a Reproducción facsimilar de la edición original de 1908, publicada en la Escuela Industrial Militar Porfirio Díaz en Morelia, México 
649 |a XX 
650 |a Pátzcuaro, Michoacán -  |x Historia 
650 |a Michoacán -  |x Historia 
650 |a México -  |x Historia 
700 |a Treviño, Carlos  |e (autor) 
910 |a Fondo Salvador Reynoso Reynoso 
920 |a Impresos - Libros 
930 |a Fondos Especiales 
905 |a 112 
901 |a 0800011793  |b IT2  |c ESP  |u 20250521 
902 |a https://opac.biblio.iteso.mx/vufind/Record/000130883